MDQL
is popping MORE tags! Check the
thread
!
Quizzes
Events
Quiz Creation
Community
Videos
Private Events
Remove Ads
Sign In
Join for FREE
Feedback
Dark Mode
Quiz Categories
Sports
Geography
Music
Movies
Television
Just For Fun
Miscellaneous
History
Literature
Language
Science
Gaming
Entertainment
Religion
Holiday
For Kids
Quiz Lab
Recent
Popular Today
Quiz Kudos Today
Editor Picks
Curator Picks
Quizzes by...
Day
Popularity
Type
Ratings
Length
Year
Community
Subscriptions
Recent Discussions
Orange Saloon
Badges
Playlists
Quests
Create
Leaderboards
Showdown
Live 5
Trivia Bingo
Activity
Puzzle Library
Sporcle Events
Private Events
Virtual Trivia
Globe League
Become a Host
Pub Owners
SporcleCon
Opinionation
Our Games
Videos
Blog
Mobile Apps
Partnerships
Remove Ads and Go Orange
Feedback
Television
TV Characters
TV Show
Sitcom
Network
Friends
Reality Shows
Cast
South Park
Star Trek
The Simpsons
Doctor Who
Television
TV Characters
TV Show
Sitcom
Network
Friends
Reality Shows
Cast
South Park
Star Trek
The Simpsons
Doctor Who
Random Quiz
Search Sporcle
×
Quiz Lab
Quiz Lab
Television
Follow That Line
Select answers by clicking on text or image buttons
Select answers by clicking on text or image buttons
Clickable
Best Score? Go Orange.
Follow that Line: Arrested Development S1 - Episode 15 Stats
Can you pick the line that completes each quote from the fifteenth episode of Arrested Development?
By
melissm24
5m
20 Questions
400 Plays
400 Plays
400 Plays
Comments
Comments
Give Quiz Kudos
Give Quiz Kudos
-
- Ratings
hide this ad
Forced Order
Answers have to be entered in order
Answers have to be entered in order
Random Order
Randomize order of answers
Randomize order of answers
Replay
Link that replays current quiz
Next Quiz
Link to next quiz in quiz playlist
You Got
0%
They Got
Avg Score
86%
Avg Friend Score
Upgrade to see
Score Distribution
Jump to the score distribution portion of the page
Score
0/20
Timer
05:00
0
Plays Today
% Correct
'Suddenly, playing with yourself is a scholarly pursuit.'
97.3%
'Are you going to make dancing illegal? Is this the tiny town from Footloose?'
94.3%
'No, he have father. Father no love him.'
94.3%
'No teaching, no teaching.'
93.8%
'(Bleep) me.'
93.5%
'Chickens don't clap! Chickens don't clap!'
93.3%
'Laborers? I'm a professor of American studies at the University of Mexico City.'
93%
'Yeah, well, I had a job - what was the point?'
92.5%
'Well, I usually ask Kitty, but she's not around, and you're the only one here that I've seen before.'
91.5%
'Well, now, who the (bleep) is going to unload the car?'
90.5%
% Correct
'Yeah, well, it's a game I'm ready for. Uh-oh, my seat doesn't have a cushion.'
90.5%
'Next thing I know, I'm in crate next to pig.'
89.8%
'That was Lindsay.'
89.3%
'I mean, for God's sake, it's not a hardware store.'
85.5%
'Like that's even possible.'
84.5%
'You won't regret this, Little Justice. Uh, let's say from now on we call you David Ben-Avram.'
81.3%
'Well, it's been quite a while since anybody's called me a tyke, but no, I am Dr. Tobias Funke.'
72.5%
'I sold you for a pack of cigarettes.'
72.3%
'Please, he's a little boy. And since he's going off to work for ten hours, I want him to look nice.'
71.5%
'I wouldn't go in there without knocking, Michael.'
68.3%
Quiz Playlist
Details
Report
Send in Message
Add To Playlist
Clickable:
Select answers by clicking on text or image buttons
Forced Order:
Answers have to be entered in order
Random Order:
Randomize order of answers
Last Updated: Dec 11, 2017
Quiz Scoreboard
CHALLENGE
Sign Up to Join the Scoreboard
Show All
Scores
Hide
Comments
May contain spoilers
Recently Published
1-10 Letter E Words III
by El_Dandy
Language
2m
Street Fighter Characters
by Artimus82
Gaming
60s
College Basketball Coaching Resumes
by pancakes188
Sports
9m
More to Explore
Quiz From the Vault
Featured Blog Post
Where Did the Easter Bunny Come From?
hide this ad
You Might Also Like...
Tags
Follow That Line Quiz
Arrested Development
TV Quotes
Today's Top Quizzes in Television
Browse Television
hide this ad
Today's Top Quizzes in Follow That Line
Browse Follow That Line
Top Contributed Quizzes in Television
1
Survivor Journey Challenge
2
Adjectives in 80s TV Shows
3
Adjectives in 00s TV Shows
4
5-to-1: The Simpsons Families
5
5-to-1: Television Doctors
6
Adjectives in 10s TV Shows
7
7-to-1: TV Show Settings
8
Adjectives in 70s TV Shows
9
5-to-1: Streaming Originals
10
Survivor Seasons
Explore More
Trending Topics
NBA
Kpop
Marvel
Anime
Disney
Crossword
Harry Potter
The Office
WWE
NFL
Puzzle
Pokémon
Country
Soccer
Song
hide this ad
More By:
melissm24
Quiz
Plays
Rating
Category
Featured
Created
Follow that Line: Arrested Development S1 - Episode 1
1,023
4.82
Television
Aug 22, 2016
Follow that Line: Arrested Development S2 - Episode 3
917
4.57
Television
Aug 29, 2016
Follow that Line: Arrested Development S1 - Episode 2
607
4.80
Television
Aug 22, 2016
Follow that Line: Arrested Development S1 - Episode 3
527
4.67
Television
Aug 22, 2016
Follow that Line: Arrested Development S2 - Episode 10
514
4.71
Television
Sep 12, 2016
Go to Creator's Profile
Score Distribution
Quiz Creator Spotlight
melissm24
Follow
Send a Message
Quizzes Created
-
Created Quiz Play Count
-
More By This Creator
Popular Quizzes Today
1
Find the US States - No Outlines Minefield
2
Find the Countries of Europe - No Outlines Minefield
3
The Countries of the World
4
Find the US States
5
Risky Map Clicking: Biggest States A-Z
6
US States
7
Popular People in 1961
8
Movies - When Are They Set?
More Television Quizzes
The Amazing The Amazing Race Quiz
Quiz Lab
Trending Quizzes
Risky Map Clicking: Least Populous States A-Z
1-10 Letter G Words
1-10 Letter F Words
Countries of the World: 200 Million BC
Risky Map Clicking: Next State Alphabetically
Recently Updated
Beyoncé Albums
pecheneg
Leaping Animals
pecheneg
Reality TV Shows (A-Z)
bhenderson79
Rickey Henderson's Hall of Fame Teammates
pecheneg
Champions League XIs: Arsenal
pecheneg
Quick Pick: Celebrities in WWE's Hall of Fame
aduchscher
A-Z Keypad Blitz II
pecheneg
Multiple Oscar Actors
pecheneg
Mystery Phrase Blitz: Oscar 'Best Actors'
pecheneg
F. Scott Fitzgerald Novels
LTH
Trending Topics
Marvel
Disney
Crossword
NBA
Kpop
Anime
Harry Potter
WWE
The Office
Pokémon
Puzzle
Country
Soccer
NFL
Song
Your Account Isn't Verified!
In order to create a playlist on Sporcle, you need to verify the email address you used during registration. Go to your
Sporcle Settings
to finish the process.
Report this User
Report this user for behavior that violates our
Community Guidelines
.
Details:
Send Report
Go to the Sporcle.com Mobile Site →
Comments